Ausentes del universo: reflexiones sobre el pensamiento político hispanoamericano en la era de la construcción nacional: 1821-1850
Uloženo v:
| Hlavní autor: | |
|---|---|
| Médium: | Kniha |
| Jazyk: | španělština |
| Vydáno: |
Ciudad de México
Fondo de Cultura Económica
2012
|
| Vydání: | 1a. ed |
| Edice: | Sección Obras de Historia
|
| Témata: | |
| Tagy: |
Přidat tag
Žádné tagy, Buďte první, kdo vytvoří štítek k tomuto záznamu!
|
MARC
| LEADER | 00000cam a2200000 a 4500 | ||
|---|---|---|---|
| 001 | UCF4045 | ||
| 003 | CL-VaPUC | ||
| 008 | 121115e20120000MX |||||||||||||||||spa|d | ||
| 020 | |a 9786071609762 | ||
| 082 | 0 | 4 | |a 320.5 |b AGU |2 21 |
| 100 | 0 | |a Aguilar Rivera, José Antonio |e author |9 565685 | |
| 245 | 1 | 0 | |a Ausentes del universo: reflexiones sobre el pensamiento político hispanoamericano en la era de la construcción nacional: 1821-1850 |
| 250 | |a 1a. ed | ||
| 300 | |a 343 p | ||
| 942 | |c BK | ||
| 945 | |d 20121115 00:00:00 |a dcastane | ||
| 260 | |a Ciudad de México |b Fondo de Cultura Económica |c 2012 | ||
| 650 | 0 | |a Liberalismo |9 255715 | |
| 650 | 0 | |a Política y gobierno |9 255151 | |
| 650 | 0 | |a República |9 310048 | |
| 650 | 0 | |a Democracia |9 255256 | |
| 583 | |a last modification |c 20121115 10:00:00 |k Rodrigo Vera | ||
| 490 | 0 | |a Sección Obras de Historia | |
| 999 | |c 350041 |d 350039 | ||
| 952 | |0 0 |1 0 |4 0 |6 320_500000000000000_AGU_2012 |7 0 |8 A |9 453012 |a BIBHIS |b BIBHIS |d 2019-11-22 |i 4923839 |l 2 |o 320.5 AGU 2012 |p 4923839 |r 2025-01-20 |s 2023-11-06 |w 2019-11-22 |y BK |k HIS | ||